Quiz sur la Guinée Équatoriale - Statistiques

Statistiques générales
  • Ce quiz a été pris 4 066 fois
  • Le résultat moyen est 9 sur 16
Statistiques - réponses
Question Réponse % Correct
Langues officielles Français
86%
Pays frontaliers Cameroun
82%
Pays frontaliers Gabon
80%
Principal groupe ethnique (indice : commence par F) Fang
79%
Devise monétaire Franc {CFA}
75%
Langues officielles Espagnol
72%
Langues officielles Portugais
68%
Ville qui était la capitale jusqu'en 2026 Malabo
63%
Techniquement, la Guinée Équatoriale est le troisième pays le plus ____ d'Afrique, derrière les Seychelles et Maurice Riche
59%
Principal produit d'exportation Pétrole
58%
Toutefois, c'est également le pays qui a la plus grande _____ de revenus (mesuré par un coefficient GINI) Inégalité
46%
Capitale nationale Ciudad de la Paz
22%
Adjectif se rapportant à la Guinée Équatoriale et ses habitants Équatoguinéen
22%
Ville la plus peuplée du pays, qui partage son nom avec une entreprise tchèque qui vend des chaussures Bata
19%
Île sur laquelle celle-ci se situe Bioko
16%
Nom donné à la partie continentale de la Guinée Équatoriale Río {Muni}
11%
Aucun quiz correspondant
Distribution des résultats
% des personnes avec chaque résultat
Percentile par nombre de réponses
Votre historique - résultats
Vous n’avez pas pris ce quiz